[Event "Global Chess League Final"]
[Site "Dubai UAE"]
[Date "2023.07.02"]
[Round "4.5"]
[White "Dronavalli, Harika"]
[Black "Khademalsharieh, Sarasadat"]
[Result "1/2-1/2"]
[WhiteTitle "GM"]
[BlackTitle "IM"]
[WhiteElo "2500"]
[BlackElo "2488"]
[WhiteTeam "Upgrad mumba masters"]
[BlackTeam "Triveni Continental Kings"]
[WhiteFideId "5015197"]
[BlackFideId "12512214"]
[EventDate "2023.07.02"]

1. c4 e6 2. g3 d5 3. Bg2 Nf6 4. Nf3 d4 5. O-O c5 6. e3 Nc6 7. exd4 cxd4 8. d3 h6
9. Na3 Bc5 10. Nc2 a5 11. b3 O-O 12. Ba3 Bxa3 13. Nxa3 e5 14. Nb5 Ra6 15. Re1
Re8 16. a3 Re7 17. Nd2 Bf5 18. Qe2 Rb6 19. Ne4 Nxe4 20. Bxe4 Bxe4 21. Qxe4 Qd7
22. Ra2 f5 23. Qg2 e4 24. dxe4 d3 25. Rd2 Nd4 26. Nxd4 Qxd4 27. e5 Rxe5 28. Rxe5
Qxe5 29. Rxd3 Qa1+ 30. Qf1 Qxa3 31. Qd1 Re6 32. Kg2 Qc5 33. Qf3 Qc6 34. Rd8+ Kh7
35. Qxc6 Rxc6 36. Rd5 Rb6 37. Rxa5 Rxb3 38. Rxf5 Rc3 39. c5 g5 40. h4 Kg6 41.
Rd5 Rc4 42. hxg5 hxg5 43. Kf3 Kf6 44. g4 Rf4+ 45. Kg3 Rc4 46. Rf5+ Kg6 47. Kf3
Rb4 48. Kg3 Rc4 49. f3 Rc2 50. Rd5 Kf6 51. Rd6+ Kf7 52. Rd7+ Kf6 53. Rc7 Rc1 54.
Rxb7 Rxc5 55. Rb6+ Kf7 56. Kf2 Rc3 57. Rd6 Ra3 58. Ke2 Ra4 59. Ke3 Rb4 60. Rd4
Rb1 61. Ke4 Ke6 62. Ke3 Re1+ 63. Kf2 Ra1 64. Re4+ Kf6 65. Re3 Ra2+ 66. Kg3 Rb2
67. f4 gxf4+ 68. Kxf4 Rb4+ 69. Re4 Rxe4+ 70. Kxe4 1/2-1/2

[Event "Global Chess League Final"]
[Site "Dubai UAE"]
[Date "2023.07.02"]
[Round "4.6"]
[White "Sindarov, Javokhir"]
[Black "Bjerre, Jonas Buhl"]
[Result "1-0"]
[WhiteTitle "GM"]
[BlackTitle "GM"]
[WhiteElo "2659"]
[BlackElo "2624"]
[WhiteTeam "Upgrad mumba masters"]
[BlackTeam "Triveni Continental Kings"]
[WhiteFideId "14205483"]
[BlackFideId "1444948"]
[EventDate "2023.07.02"]

1. e4 c5 2. Nf3 d6 3. d4 cxd4 4. Nxd4 Nf6 5. Bd3 Nc6 6. Be3 g6 7. h3 Bg7 8. c4
O-O 9. Nc3 Bd7 10. O-O Rc8 11. Nde2 Ne5 12. b3 Nxd3 13. Qxd3 a6 14. a4 Be6 15.
f4 Nd7 16. f5 Ne5 17. Qd2 Bd7 18. Nd5 b5 19. cxb5 axb5 20. a5 Bc6 21. Nef4 Nd7
22. Rac1 Bxd5 23. Nxd5 Rxc1 24. Rxc1 Nc5 25. Qe2 e6 26. f6 exd5 27. fxg7 Re8 28.
Qxb5 Nxe4 29. a6 Ng3 30. Bb6 Ne2+ 31. Kh1 Qe7 32. Rd1 Nc3 33. Qc6 Nxd1 34. a7
Qe1+ 35. Kh2 Qe5+ 36. Kh1 d4 37. Bxd4 Qe1+ 38. Kh2 f6 39. a8=Q Rxa8 40. Qxa8+
Kxg7 41. Qa7+ Kh6 42. Bxf6 Ne3 43. Qg7+ 1-0

[Event "Global Chess League Final"]
[Site "Dubai UAE"]
[Date "2023.07.02"]
[Round "5.2"]
[White "Grischuk, Alexander"]
[Black "Yu, Yangyi"]
[Result "1/2-1/2"]
[WhiteTitle "GM"]
[BlackTitle "GM"]
[WhiteElo "2736"]
[BlackElo "2735"]
[WhiteTeam "Upgrad mumba masters"]
[BlackTeam "Triveni Continental Kings"]
[WhiteFideId "4126025"]
[BlackFideId "8603820"]
[EventDate "2023.07.02"]

1. e4 c5 2. Nf3 d6 3. d4 cxd4 4. Nxd4 Nf6 5. Nc3 a6 6. Be3 e6 7. g4 h6 8. f4 Nc6
9. h3 Be7 10. Qf3 Nxd4 11. Bxd4 e5 12. fxe5 dxe5 13. Bxe5 O-O 14. Bd3 Qa5 15.
Bd4 Qb4 16. Bxf6 Bxf6 17. O-O Bxc3 18. bxc3 Qxc3 19. e5 Qxe5 20. Rae1 Qd4+ 21.
Qf2 Qxf2+ 22. Kxf2 Be6 23. a4 Rac8 24. Rb1 Rc7 25. Rb4 Bd5 26. h4 Re8 27. Re1
Rxe1 28. Kxe1 Kf8 29. Kd2 Ke7 30. Ke3 Bc6 31. a5 Kd6 32. Rf4 f6 33. Kd4 Re7 34.
g5 fxg5 35. hxg5 hxg5 36. Rf5 g4 37. Rg5 Bf3 38. Bf5 Kc7 39. c4 Rf7 40. Kc5 g3
41. Bh3 g2 42. Bxg2 Bxg2 43. Rxg2 Rf5+ 44. Kb4 g5 45. Rg1 Kc6 46. Rg2 b6 47.
axb6 Kxb6 48. Re2 a5+ 49. Kc3 Kc5 50. Kd3 Rf3+ 51. Kd2 g4 52. Re5+ Kb4 53. Rb5+
Ka4 54. Rg5 g3 55. c5 Rf2+ 56. Kc3 Rf3+ 57. Kc4 Rf4+ 58. Kc3 Rf3+ 59. Kc4 Rf4+
60. Kc3 Rf3+ 1/2-1/2

[Event "Global Chess League Final"]
[Site "Dubai UAE"]
[Date "2023.07.02"]
[Round "5.4"]
[White "Lagno, Kateryna"]
[Black "Koneru, Humpy"]
[Result "1/2-1/2"]
[WhiteTitle "GM"]
[BlackTitle "GM"]
[WhiteElo "2552"]
[BlackElo "2553"]
[WhiteTeam "Triveni Continental Kings"]
[BlackTeam "Upgrad mumba masters"]
[WhiteFideId "14109336"]
[BlackFideId "5008123"]
[EventDate "2023.07.02"]

1. e4 e5 2. Nf3 Nc6 3. Bb5 Nge7 4. O-O Ng6 5. d4 exd4 6. Nxd4 Bc5 7. Nb3 Bb6 8.
Nc3 O-O 9. Nd5 Nce7 10. Nxb6 axb6 11. f4 c6 12. Bd3 d5 13. f5 dxe4 14. fxg6 exd3
15. gxf7+ Rxf7 16. Rxf7 Kxf7 17. Qh5+ Kg8 18. Bg5 Be6 19. Rd1 Bxb3 20. axb3 Qd5
21. Rxd3 Qc5+ 22. Kf1 Rf8+ 23. Rf3 Rxf3+ 24. gxf3 Ng6 25. Qg4 h6 26. Bd8 Kh7 27.
c4 Qd6 28. Bxb6 Qxh2 29. Qe4 Qh1+ 30. Ke2 Qg2+ 31. Kd3 Qxb2 32. Bd4 Qxb3+ 33.
Kd2 Qa2+ 34. Kc3 Qa3+ 35. Kc2 Qa2+ 36. Kc3 Qa1+ 37. Kb4 Qh1 38. Qf5 Qe1+ 39. Kc5
Qe7+ 40. Kb6 Qe8 41. Kxb7 Kg8 42. Kb6 Qb8+ 43. Kc5 Qa7+ 44. Kb4 Qxd4 45. Qxg6
c5+ 46. Kb5 Kf8 47. Qf5+ Ke7 48. Qg6 Kd7 49. Qf5+ Ke7 50. Qg6 Kd7 51. Qf5+ Ke7 1/2-1/2

[Event "Global Chess League Final"]
[Site "Dubai UAE"]
[Date "2023.07.02"]
[Round "5.5"]
[White "Khademalsharieh, Sarasadat"]
[Black "Dronavalli, Harika"]
[Result "1/2-1/2"]
[WhiteTitle "IM"]
[BlackTitle "GM"]
[WhiteElo "2488"]
[BlackElo "2500"]
[WhiteTeam "Triveni Continental Kings"]
[BlackTeam "Upgrad mumba masters"]
[WhiteFideId "12512214"]
[BlackFideId "5015197"]
[EventDate "2023.07.02"]

1. d4 g6 2. Nf3 Bg7 3. c4 c6 4. g3 Nf6 5. Bg2 d5 6. cxd5 cxd5 7. O-O O-O 8. Ne5
Bf5 9. Nc3 Ne4 10. Nxe4 dxe4 11. Be3 Nd7 12. Qb3 Nxe5 13. dxe5 Bxe5 14. Qxb7 Rb8
15. Qxa7 Rxb2 16. Rad1 Qa8 17. Qxe7 Re8 18. Qa7 Qxa7 19. Bxa7 Rxa2 20. Bb6 Rxe2
21. Rfe1 Rxe1+ 22. Rxe1 Bc3 23. Re3 Rb8 24. Rxc3 Rxb6 25. h3 Rb1+ 26. Kh2 Rb2
27. g4 Be6 28. Kg3 f5 29. gxf5 gxf5 30. Rc7 Bf7 31. h4 Kg7 32. Bh3 Rb3+ 33. Kg2
Rb5 34. Kg3 Kf6 35. Kf4 Rb3 36. Bxf5 Rf3+ 37. Kxe4 Rxf2 38. Bg4 Bg6+ 1/2-1/2

[Event "Global Chess League Final"]
[Site "Dubai UAE"]
[Date "2023.07.02"]
[Round "5.6"]
[White "Sindarov, Javokhir"]
[Black "Bjerre, Jonas Buhl"]
[Result "0-1"]
[WhiteTitle "GM"]
[BlackTitle "GM"]
[WhiteElo "2659"]
[BlackElo "2624"]
[WhiteTeam "Upgrad mumba masters"]
[BlackTeam "Triveni Continental Kings"]
[WhiteFideId "14205483"]
[BlackFideId "1444948"]
[EventDate "2023.07.02"]

1. e4 c5 2. Nf3 d6 3. d4 cxd4 4. Nxd4 Nf6 5. Nc3 a6 6. h3 e5 7. Nb3 Be6 8. f4 b5
9. fxe5 dxe5 10. Qxd8+ Kxd8 11. Bg5 Nd7 12. a4 b4 13. Nd5 Be7 14. Rd1 Bxd5 15.
exd5 Ne4 16. h4 h6 17. Be3 Bd6 18. Na5 f5 19. Bd3 Ng3 20. Rh3 f4 21. Nb7+ Kc7
22. Nxd6 Kxd6 23. Bf2 Nh5 24. Be2 Nhf6 25. Rb3 a5 26. c3 bxc3 27. Rxc3 Rhc8 28.
Rc6+ Rxc6 29. dxc6+ Kxc6 30. Bb5+ Kc7 31. Ke2 e4 32. Bd4 Rd8 33. Bc3 Ra8 34. b3
e3 35. Kf3 g5 36. hxg5 hxg5 37. g3 fxg3 38. Kxe3 g2 39. Rc1 Nd5+ 40. Kf2 Kd6 41.
Rd1 Kc5 42. Bd4+ Kd6 43. Bb2 Nb6 44. Kxg2 Ke6 45. Kg3 Rc8 46. Re1+ Kf7 47. Rf1+
Ke6 48. Re1+ Kf7 49. Bd4 Rc2 50. Re5 Rd2 51. Bxb6 Nxb6 52. Rxg5 Rb2 53. Rf5+ Ke6
54. Rf3 Ke5 55. Rd3 Nd5 56. Kf3 Nb4 57. Re3+ Kd4 58. Bc4 Nc6 59. Rd3+ Kc5 60.
Rd5+ Kb6 61. Ke4 Rh2 62. Rb5+ Kc7 63. Ke3 Rh3+ 64. Kd2 Rh2+ 65. Kc3 Rh3+ 66. Kb2
Rh2+ 67. Ka3 Rd2 68. Rh5 Kb6 69. Rb5+ Kc7 70. Bd5 Nb4 71. Be4 Ra2# 0-1